Libro personal 1966 /

Αποθηκεύτηκε σε:
Λεπτομέρειες βιβλιογραφικής εγγραφής
Μορφή: Βιβλίο
Γλώσσα:Ισπανικά
Θέματα:
Ετικέτες: Προσθήκη ετικέτας
Δεν υπάρχουν, Καταχωρήστε ετικέτα πρώτοι!

MARC

LEADER 00000nam^a2200000^a^4500
001 000038114
005 20250521000000.0
009 20260310085452.903
037 |a Acervo ITESO - Biblioteca 
041 |a ESP 
082 |a 903.  |b REC 1966 
240 1 1 |a [Libro de recuerdos] 
245 1 0 |a Libro personal 1966 / 
264 |a Barcelona, España :  |b Difusora Internacional,  |c 1968 
300 |a 280 p. 
336 |a texto  |b txt  |2 rdacontenido 
337 |a sin mediación  |b n  |2 rdamedio 
338 |a volumen  |b nc  |2 rdasoporte 
649 |a XX 
650 |a Historia Moderna -  |y Siglo XX 
650 |a Anuarios 
650 |a Cronología Histórica -  |y 1960-1969 
910 |a Fondo General 
920 |a Impresos - Libros 
930 |a Obras de Referencia 
905 |a 102 
901 |a 0381140100  |b IT2  |c REF  |i 038114  |u 20250521 
902 |a https://opac.biblio.iteso.mx/vufind/Record/000038114